| 000 | 00000nam 2200000za 4500 |
| 001 | 9.674588 |
| 003 | CaOODSP |
| 005 | 20240207110932 |
| 007 | cr ||||||||||| |
| 008 | 150407|2007||||xxc|||||o f|0| 0 fre d |
| 040 | |aCaOODSP|bfre |
| 041 | |aeng |
| 041 | |afre |
| 043 | |an-cn--- |
| 086 | 1 |aSE3-29/2007-PDF |
| 245 | 00|aLégislation électorale fédérale |h[ressource électronique]. |
| 260 | |aOttawa : |bÉlections Canada, |c2007. |
| 300 | |a493 p. : |bill. |
| 590 | |a07-28|b2007-07-13 |
| 691 | 07|aSystème électoral|2gcpds |
| 710 | 2 |aÉlections Canada. |
| 776 | 0#|tFederal electoral legislation. |w(CaOODSP)9.668385 |
| 791 | |tFederal electoral legislation |eeng|w(CaOODSP)9.674587 |
| 856 | 40|ahttp://publications.gc.ca|qPDF|s4924 Ko|uhttps://publications.gc.ca/collections/collection_2007/elections/SE3-29-2007.pdf |